000 00603nam a2200241Ia 4500
003 OSt
005 20220912153036.0
006 a|||||r|||| 00| 0
007 ta
008 220909b |||||||| |||| 00| 0 eng d
024 _a24243
037 _cTextual
040 _aCSL
_beng
_cCSL
041 _aeng
082 _aUj, M4
100 _aGerasimov Innokenty Ed.
245 0 _aShort history of geographical science in the soviet union
250 _aGerasimov
260 _c1976
300 _ap.
_ccm.
942 _hUj, M4
_cTEXL
_2CC
999 _c96999
_d96999